| 000 | 00417nam a2200145Ia 4500 | ||
|---|---|---|---|
| 008 | 231129s1998||||xx |||||||||||||| ||spa|| | ||
| 020 | _a84-01-01182-5 | ||
| 040 | _bspa | ||
| 082 | _a928 A425c | ||
| 100 | _aCorreas Zapata Celia | ||
| 245 | 0 | _aIsabel Allende: vida y espíritus | |
| 260 | _c1998 | ||
| 264 | _aBarcelona España: Plaza y Janés Editores | ||
| 942 |
_2ddc _cBKS |
||
| 999 |
_c16024 _d16024 |
||